000 00329nam a22001337a 4500
020 _qPB.
040 _cFIZZA ISHAQ
082 _a005.7565
_bTIM
100 _aO`LEARY, TIMOTHY.
_984924
245 _aMICROSOFT OFFICE /
_cTIMOTHY J.O`LEARY.
260 _aNEW YORK ;
_bMC GREW HILL,
_c2010.
300 _a250 P ;
942 _2ddc
_cBK
999 _c586857
_d586857